[Event "Skilling Open CCT KO 2021"]
[Site "Online"]
[Date "2020.11.25"]
[Round "1.7"]
[White "Giri, Anish"]
[Black "Carlsen, Magnus"]
[Result "1/2-1/2"]
[WhiteElo "2731"]
[BlackElo "2881"]
[Annotator "TA"]
[PlyCount "124"]
[EventDate "2020.11.20"]
[EventType "k.o."]
[EventCountry "NET"]
[SourceTitle "playchess.com"]
[Source "ChessBase"]
[SourceQuality "1"]

{[%evp 21,124,23,38,-3,22,0,0,0,4,8,21,22,21,29,26,19,43,39,43,43,43,43,43,43,43,43,43,42,43,35,43,43,43,43,46,46,46,51,66,58,52,49,49,47,50,46,46,46,46,46,47,49,49,51,52,51,70,24,24,27,29,16,78,78,78,78,85,78,78,78,87,87,87,6,72,0,87,87,87,87,87,87,87,87,87,87,87,87,87,87,87,4,4,0,87,87,87,87,86,0,3,0,86,0,3]} 1. e4 e5 2. Nf3 Nc6 3. Bb5 Nf6 4. O-O Nxe4 5. d4 Nd6 6. Bxc6 dxc6 7. dxe5 Nf5 8. Qxd8+ Kxd8 9. h3 h6 10. Rd1+ Ke8 11. Nc3 Ne7 {11...Bd7 is vanishing.} 12. a4 $5 {[%mdl 4] [#] Leaves trodden paths. C67: Ruy Lopez: Berlin Defence: 4 0-0 Nxe4.} a6 $146 ({Predecessor:} 12... Ng6 13. a5 Be7 14. Be3 Nf8 15. Nd4 Bd7 16. f4 h5 17. f5 h4 18. Rf1 Rh5 19. a6 b6 {1-0 (44) Vachier Lagrave,M (2778)-Dominguez Perez,L (2763) Saint Louis 2019}) 13. a5 Bf5 14. Nd4 Bh7 15. e6 Nd5 16. Nxd5 cxd5 17. Bf4 c6 18. c3 fxe6 19. Nxe6 {Black must now prevent Nc7+.} Kf7 20. Nxf8 Rhxf8 21. Rd4 Rad8 22. Be3 Rfe8 23. Rf4+ Kg8 24. h4 Rd7 25. b4 Rf7 26. Rxf7 Kxf7 $14 {[%mdl 4096] Endgame KRB-KRB} 27. Re1 Re4 28. f3 Re5 29. Kf2 h5 30. Rd1 Bc2 31. Rd2 Bb3 32. Bd4 Re6 33. g4 Bc4 34. gxh5 Rh6 35. Be3 Rxh5 36. Bg5 Rh8 37. Ke3 Re8+ 38. Kd4 Re2 39. Rd1 Rf2 40. f4 Rf3 41. Rc1 Rf1 (41... Bb5 $11) 42. Rxf1 $16 Bxf1 {KB-KB} 43. f5 g6 44. f6 Bb5 45. Ke5 c5 46. bxc5 Ba4 47. Kd6 (47. Be3 $16) 47... Bb5 (47... Bc6 $1 $11) 48. Ke5 Ba4 $1 49. Be3 Bb5 50. Bd4 ({Reject} 50. Kxd5 Kxf6 51. Bg5+ Kf5 $11) 50... Ba4 51. Kd6 Bb5 52. Kc7 Bc6 53. Kc8 Ke8 54. Kb8 Kf7 55. Kc7 Ke6 {[#]} 56. Kd8 (56. Be5 $1 $16) 56... Kf7 57. Kc7 (57. Be5 $11) 57... Ke6 {[#]} 58. Be5 $1 Kf7 59. Kd6 Bb5 60. Kc7 ({White should try} 60. Kxd5 $16 Bc6+ 61. Kd6) 60... Bc6 $11 61. Kd6 (61. Kb6 $11) 61... Bb5 $16 62. Kc7 ({Better is} 62. Kxd5 $16 Bc6+ 63. Kd6) 62... Bc6 {Weighted Error Value: White=0.14/Black=0.07} 1/2-1/2

[Event "Skilling Open CCT KO 2021"]
[Site "Online"]
[Date "2020.11.25"]
[Round "1.8"]
[White "Carlsen, Magnus"]
[Black "Giri, Anish"]
[Result "1/2-1/2"]
[WhiteElo "2881"]
[BlackElo "2731"]
[Annotator "TA"]
[PlyCount "99"]
[EventDate "2020.11.20"]
[EventType "k.o."]
[EventCountry "NET"]
[SourceTitle "playchess.com"]
[Source "ChessBase"]
[SourceQuality "1"]

{[%evp 14,99,38,6,6,6,6,6,6,0,53,45,82,73,75,75,85,54,107,94,113,106,110,116,99,67,78,47,49,49,51,53,59,60,76,60,52,25,35,22,22,30,45,8,18,16,25,0,0,0,0,0,0,0,0,0,-7,-7,0,0,0,0,0,0,0,0,0,0,0,0,0,0,0,0,0,0,0,0,0,0,0,0,0,0,0,0,0,0]} 1. e4 c5 2. c3 d5 3. exd5 Qxd5 4. d4 g6 5. Nf3 Bg7 6. Na3 cxd4 7. Nb5 Na6 8. Be3 {[%cal Re3d4]} Nf6 {B06: Modern Defence.} 9. Bxd4 O-O 10. Be2 Bg4 11. a4 e5 (11... Rfd8 $11) 12. Bxa7 $14 {[#]} e4 $146 ({Predecessor:} 12... Qc6 13. O-O Rfd8 14. Qc1 Bxf3 15. Bxf3 e4 16. Be2 b6 17. a5 bxa5 18. Rxa5 Nc5 {1-0 (50) Dvoirys,S (2467)-Shtemler,L (2181) Jerusalem 2019}) 13. Qxd5 Nxd5 14. Nfd4 Bd7 15. Bc4 Nf4 ({Better is} 15... Ne7 $14) 16. g3 $16 Rfc8 {[#]} 17. Bxf7+ $1 ({Reject} 17. gxf4 $6 Rxc4 18. O-O Nc7 $11) 17... Kxf7 18. gxf4 Kg8 19. Nb3 Nc7 20. O-O Nxb5 21. axb5 Bxb5 {[#] aiming for ...Bc4.} 22. Rfe1 Bd3 23. Bd4 Bh6 24. Rxa8 Rxa8 25. Be5 Ra2 26. Nc5 Rxb2 27. Nxe4 Kf7 28. c4 Re2 29. Nd6+ Ke6 30. Rxe2 (30. Rd1 {keeps more tension.} Bc2 31. Rd4 Re1+ 32. Kg2 Bf8 33. f3) 30... Bxe2 {The position is equal.} 31. Nxb7 Bxc4 $11 {[%mdl 4096] Endgame KBB-KBN} 32. Nc5+ Kf5 33. f3 Bxf4 34. Bxf4 Kxf4 {KB-KN} 35. Kf2 h6 36. h4 Bb5 37. Ne6+ Ke5 38. Nc5 Kd4 39. Ne6+ Ke5 40. Nc5 Kd5 41. Ne4 Ke5 42. Kg3 Bd7 43. Nf2 Bf5 44. Nd1 Be6 45. Ne3 Bf5 46. h5 gxh5 47. Nxf5 Kxf5 48. Kh4 Kf4 49. Kxh5 Kxf3 50. Kxh6 {Weighted Error Value: White=0.06/Black=0.08} 1/2-1/2

[Event "Skilling Open CCT KO 2021"]
[Site "Online"]
[Date "2020.11.25"]
[Round "1.8"]
[White "Aronian, Levon"]
[Black "Nepomniachtchi, Ian"]
[Result "0-1"]
[WhiteElo "2778"]
[BlackElo "2778"]
[Annotator "TA"]
[PlyCount "62"]
[EventDate "2020.11.20"]
[EventType "k.o."]
[EventCountry "NET"]
[SourceTitle "playchess.com"]
[Source "ChessBase"]
[SourceQuality "1"]

{[%evp 14,62,5,23,49,7,20,13,27,0,-2,-4,0,0,0,-7,16,0,0,0,33,34,79,-39,-22,-59,-51,-112,-70,-141,-132,-295,-290,-410,-413,-405,-378,-519,-400,-373,-376,-386,-370,-402,-370,-662,-677,-989,-966,-1008,-979]} 1. c4 c5 2. Nc3 Nf6 3. g3 d5 4. cxd5 Nxd5 5. Bg2 Nc7 6. d3 e5 7. Be3 {is now debated instead of 7.Nf3.} Be7 8. Rc1 Ne6 {A34: Symmetrical English: 2 Nc3, lines with ...d5.} 9. Nh3 O-O 10. O-O {[#]} Nc6 $146 {The position is equal.} ({Predecessor:} 10... Nd4 11. f4 Nbc6 12. Kh1 Bd7 13. fxe5 Nxe5 14. Nf4 Ng4 15. Bg1 Rb8 16. Ne4 b6 {½-½ (32) Harasta,V-Banas,J Rimavska Sobota 1975}) 11. Bxc6 bxc6 12. f3 Rb8 13. b3 f5 14. Nf2 h5 15. Kh1 g5 16. Na4 {[%cal Ra4c5]} Rb5 17. Bd2 g4 18. e4 (18. fxg4 $1 $16 hxg4 19. e4) 18... Nd4 $15 19. f4 Nf3 20. Be3 {[#]} (20. Qe2 $15) 20... h4 $1 $17 {Threatens to win with ...hxg3.} 21. Kg2 (21. Rc4 $1 $15) 21... Qe8 22. Bxc5 $2 {Loses the game.} (22. Nxc5 $17 {was necessary.} hxg3 23. hxg3) 22... Bxc5 $19 23. Nxc5 (23. Rxc5 $142 Qh5 24. Rh1 fxe4 25. Qc1 h3+ 26. Kf1) 23... Qh5 24. Rh1 exf4 25. gxf4 h3+ 26. Kf1 fxe4 27. Ncxe4 Rxf4 28. Rxc6 {[#]} Bb7 $1 {[%cal Rb7c6]} 29. Rf6 $2 (29. Rc7 Qe5 30. Qc2) 29... Rbf5 {Black is clearly winning.} 30. Ng3 {[#]} Nd2+ $1 {[%mdl 576] Discovered Attack} 31. Ke1 (31. Qxd2 Rxf2+) 31... Qe8+ {Weighted Error Value: White=0.69/Black=0.11} 0-1

[Event "Skilling Open CCT KO 2021"]
[Site "Online"]
[Date "2020.11.25"]
[Round "1.8"]
[White "So, Wesley"]
[Black "Radjabov, Teimour"]
[Result "1/2-1/2"]
[WhiteElo "2741"]
[BlackElo "2758"]
[Annotator "TA"]
[PlyCount "111"]
[EventDate "2020.11.20"]
[EventType "k.o."]
[EventCountry "NET"]
[SourceTitle "playchess.com"]
[Source "ChessBase"]
[SourceQuality "1"]

{[%evp 14,111,32,28,43,24,27,28,20,8,31,42,47,47,43,43,39,0,56,61,52,41,45,37,63,40,50,27,36,0,0,0,0,0,0,0,0,0,15,0,11,26,25,0,118,131,171,100,97,95,101,91,97,0,0,0,144,142,124,0,18,7,12,11,19,0,0,0,0,0,0,0,0,0,0,0,0,0,0,0,0,0,0,0,0,0,0,0,0,0,0,0,0,0,0,0,0,0,0,0]} 1. e4 c5 2. Nf3 Nc6 3. d4 cxd4 4. Nxd4 e5 5. Nb5 d6 6. N1c3 a6 7. Na3 Be6 8. Nc4 Rb8 $1 {[%mdl 4] is now more promising than 8...b5. B32: Sicilian: Löwenthal and Kalashnikov Variations.} 9. Ne3 Nf6 10. g3 h5 {White has an edge.} 11. h4 Be7 12. Bg2 Ng4 {[#]} 13. Ncd5 $146 ({Predecessor:} 13. Ned5 Rc8 14. f3 Nf6 15. Be3 b5 16. a3 Rb8 17. Qd2 Qd7 18. O-O O-O {½-½ (18) Martinez,A (2190)-Lujan,C (2376) Villa Martelli 2017}) 13... Qd7 14. Nb6 Qd8 15. Nbd5 b5 ({Black should try} 15... Qd7 $11) 16. c3 $14 Qd7 17. O-O Bd8 18. a4 b4 19. Qd3 a5 20. Nc4 O-O 21. Nxd6 Bxd5 (21... Qxd6 $2 22. Nf6+ $1 {[%mdl 512]} Bxf6 23. Qxd6 $18) 22. Qxd5 Ne7 $1 {[%cal Re7d5]} 23. Qd2 $1 Qe6 $1 24. Nb5 Bb6 $1 25. cxb4 Rbd8 26. Qe2 {Hoping for bxa5.} axb4 27. a5 {[%cal Ba4a5,Ba5a6][%mdl 32]} Bc5 {Black wants to play ...Qb3.} 28. Bf3 Qc6 (28... Qb3 $1 $11 29. Kh1 Rd3 30. Bxg4 hxg4) 29. a6 $36 {[%mdl 2048] White is in control.} Rd7 30. Bg5 (30. Kg2 $1 $18) 30... f6 31. Bxg4 hxg4 32. Qc4+ Kh7 {Threatens to win with ...Bxf2+!} 33. Be3 ({Better is} 33. Rac1 $16 Qxa6 34. Qxc5 fxg5 35. hxg5 (35. Qxe5 gxh4 36. Rc7 Rxc7 $11)) 33... Bxe3 $11 34. Qxc6 Bxf2+ (34... Nxc6 $11 {remains equal.} 35. fxe3 Na7) 35. Kxf2 $16 Nxc6 36. Rfc1 (36. Rfd1 $16 Nd4 37. Ra5) 36... Na7 {The position is equal.} 37. Nxa7 Rxa7 $11 {[%mdl 4096] Endgame KRR-KRR} 38. Rc6 Rd8 {With the idea ...Rd2+.} 39. Ke3 Rad7 {( -> ...Rd2)} 40. Rc5 Rd3+ 41. Kf2 {And now Rd5! would win.} Rd2+ 42. Kf1 {Rd5! is the strong threat.} Rh2 {White must now prevent ...Rh1+.} 43. Kg1 Rdd2 {Strongly threatening ...Rdg2+.} 44. Rb1 $1 (44. a7 Rdg2+ 45. Kf1 Rxb2 $17) 44... Rdg2+ 45. Kf1 Rf2+ 46. Kg1 Rfg2+ 47. Kf1 Rf2+ 48. Kg1 Rhg2+ 49. Kh1 f5 50. a7 f4 51. gxf4 $1 (51. Rxe5 {gets mated.} Rh2+ 52. Kg1 Rfg2+ 53. Kf1 f3 54. Rh5+ {[#]} Kg6 $1 {[%mdl 512]} 55. Rg5+ Kf7 $1 {[%mdl 512]} 56. Rf5+ Ke6 $1 {[%mdl 512]} 57. Rf6+ gxf6 58. a8=Q Rh1#) (51. a8=Q {leads to mate.} f3 52. Qh8+ Kxh8 53. Rc8+ Kh7 $1 {[%mdl 512]} 54. Rc2 Rxc2 55. Re1 Rh2+ 56. Kg1 Rcg2+ {[%mdl 64] Double Attack} 57. Kf1 Rh1#) 51... Rh2+ 52. Kg1 Rfg2+ 53. Kf1 Rf2+ 54. Kg1 (54. Ke1 $2 {is a self mate.} g3 55. a8=Q Rh1#) 54... Rhg2+ 55. Kh1 Rh2+ 56. Kg1 {Weighted Error Value: White=0.12/Black=0.13} 1/2-1/2

[Event "Skilling Open CCT KO 2021"]
[Site "Online"]
[Date "2020.11.25"]
[Round "1.9"]
[White "Vachier-Lagrave, Maxime"]
[Black "Nakamura, Hikaru"]
[Result "1-0"]
[WhiteElo "2860"]
[BlackElo "2829"]
[Annotator "TA"]
[PlyCount "93"]
[EventDate "2020.11.20"]
[EventType "k.o."]
[EventCountry "NET"]
[SourceTitle "playchess.com"]
[Source "ChessBase"]
[SourceQuality "1"]

{[%evp 12,93,19,8,19,9,21,21,16,20,23,9,14,5,16,24,14,20,37,0,0,0,8,4,17,22,6,15,23,18,16,6,22,0,64,64,64,64,47,0,52,38,71,64,45,44,42,18,20,0,0,0,0,-22,-25,-76,-4,-4,0,0,0,0,0,0,5875,5875,5875,5868,4133,2151,29990,-20,29979,29980,29980,29981,29981,29982,29982,29983,29983,29983,29983,29984]} 1. e4 e5 2. Nf3 Nc6 3. Bc4 Bc5 4. O-O Nf6 5. d3 d6 6. c3 h6 {6...a6 is the recent fashion.} 7. Re1 O-O {C54: Giuoco Piano: 4 c3 Nf6, main lines with 5 d4 and 5 d3.} 8. Nbd2 a5 9. Nf1 Be6 {The position is equal.} 10. Bb5 Ne7 11. d4 exd4 12. cxd4 Bb6 13. Ng3 d5 14. e5 Ne4 $1 15. Bd3 Nxg3 16. hxg3 Bg4 17. Bc2 c5 {[#]} 18. dxc5 $146 ({Predecessor:} 18. Be3 cxd4 19. Bxd4 Rc8 20. Rc1 Rc4 21. Bxb6 Qxb6 22. b3 Rc7 23. Bb1 Rfc8 24. Rxc7 Qxc7 {½-½ (44) Carlsen,M (2863)-Nakamura,H (2736) chess24.com INT 2020}) 18... Bxc5 19. Be3 Rc8 20. Bxc5 Rxc5 21. Qd2 Qc7 22. Bd3 Bxf3 ({Black should try} 22... Nc6 $11) 23. gxf3 $14 Nc6 24. f4 Nb4 25. Rad1 Nxd3 (25... Nxa2 $11 26. f5 Nb4) 26. Qxd3 Qb6 27. Qe3 Qc6 28. f5 Rc2 29. f6 Rxb2 30. Qf3 Re8 31. fxg7 Rxa2 32. Rd4 Rc2 33. Re3 (33. Rf4 $11 {keeps the balance.} Rc3 34. Qh5) 33... Rc4 (33... a4 $17 {White should prevent ...Rc4.} 34. Rg4 Qd7) 34. Rxd5 $11 a4 35. Kh2 ({Much worse is} 35. e6 Rxe6 36. Rxe6 Qxe6 $17) 35... b5 36. Qf6 {Threatening mate with e6.} Rc1 $1 ({Inferior is} 36... Qxd5 37. Qxh6 f6 38. e6 Rh4+ 39. gxh4 Qd6+ 40. Kh3 Qxe6+ 41. Rxe6 Rxe6 42. Qh8+ Kf7 43. g8=Q+ Ke7 44. Qd8+ Kf7 45. Qh7#) 37. Rf3 $40 {[%mdl 128] White mounts an attack.} Rh1+ $2 {[%mdl 8192]} (37... Qxd5 $11 38. Qxh6 f5 {[%mdl 64] Decoy}) 38. Kxh1 $18 Qxd5 {[#]} 39. Qxh6 $3 {[%csl Gg7][%cal Rh6h8][%mdl 512]} Qxf3+ 40. Kg1 {[%csl Gg7][%cal Rh6h8]} f6 41. Qh8+ Kf7 {[#] This costs Black the game.} 42. e6+ $1 {[%mdl 512] White mates.} Ke7 {[#]} (42... Rxe6 43. g8=Q+) 43. Qxe8+ $1 {[%mdl 576] Remove Defender, Promotion} Kxe8 44. g8=Q+ Ke7 45. Qf7+ Kd6 46. Qd7+ Kc5 47. e7 {Weighted Error Value: White=0.20/Black=0.28} 1-0

[Event "Skilling Open CCT KO 2021"]
[Site "Online"]
[Date "2020.11.25"]
[Round "1.9"]
[White "Aronian, Levon"]
[Black "Nepomniachtchi, Ian"]
[Result "0-1"]
[WhiteElo "2778"]
[BlackElo "2778"]
[Annotator "TA"]
[PlyCount "82"]
[EventDate "2020.11.20"]
[EventType "k.o."]
[EventCountry "NET"]
[SourceTitle "playchess.com"]
[Source "ChessBase"]
[SourceQuality "1"]

{[%evp 14,82,26,13,27,27,27,12,32,3,14,24,30,29,36,32,29,20,43,45,42,35,45,41,39,0,11,11,12,12,12,11,12,0,16,16,16,16,16,16,16,16,16,16,16,16,16,16,40,36,29,7,8,7,7,0,0,-30,-30,-29988,0,-15,-2,-8,-8,-29986,-29987,-29990,-29991,-29993,-29991]} 1. c4 c5 2. Nc3 Nf6 3. g3 d5 4. cxd5 Nxd5 5. Bg2 Nc7 6. d3 e5 7. Be3 {now supersedes 7.Nf3.} Be7 8. Rc1 Ne6 {A34: Symmetrical English: 2 Nc3, lines with ...d5.} 9. Nf3 Nc6 10. O-O O-O {The position is equal.} 11. a3 Bd7 12. Nd5 {[#]} b6 $146 ({Predecessor:} 12... f6 13. b4 cxb4 14. Qb3 Bd6 15. axb4 Kh8 16. Qb2 Ne7 17. Nc3 Re8 18. Rfe1 Nf5 {½-½ (30) Sunye Neto,J (2475)-Rodriguez Cespedes,A (2530) Bogota 1991}) 13. b4 Rc8 14. Nxe7+ Qxe7 15. bxc5 Nxc5 16. Bxc5 bxc5 17. e3 Rfd8 18. Qb3 Bf5 19. Rfd1 e4 20. dxe4 Rxd1+ 21. Qxd1 Bxe4 22. Qa4 h6 23. h4 Rb8 24. Nd2 Bxg2 25. Kxg2 Ne5 26. Qe4 Qd6 27. Nc4 Nxc4 28. Rxc4 $11 {[%mdl 4096] Endgame KQR-KQR} g6 29. h5 g5 30. Qf5 Rb5 31. a4 Qc6+ 32. e4 Ra5 $1 33. Kh2 Qa6 34. Rc3 c4 35. e5 Rxa4 36. Qc8+ $2 {[%mdl 8192]} (36. Qd7 $11 Rb4 37. Kg2) 36... Kg7 $2 (36... Qxc8 {mates} 37. Rc1 c3 38. Re1 Qc5 39. Kg1 c2 40. Rc1 Qxe5 41. Kh2 Rh4+ 42. Kg1 Rh3 43. Kg2 g4 44. Kg1 Qe4 45. f3 Qxf3 46. Rxc2 Rh1#) 37. Qd7 Ra2 ({Not} 37... Ra3 $2 38. e6 $1 $18 {[%mdl 512]}) 38. Rf3 Qe6 39. Qc7 $2 {[%mdl 8192] [#]} (39. Qxe6 $11 fxe6 40. Kg2) 39... Qd5 $1 {Black mates.} 40. e6 Qxf3 {[%mdl 64] Double Attack} 41. Qe5+ Qf6 {Weighted Error Value: White=0.50/Black=0.25} 0-1

[Event "Skilling Open CCT KO 2021"]
[Site "Online"]
[Date "2020.11.25"]
[Round "1.9"]
[White "Radjabov, Teimour"]
[Black "So, Wesley"]
[Result "1/2-1/2"]
[WhiteElo "2758"]
[BlackElo "2741"]
[Annotator "TA"]
[PlyCount "190"]
[EventDate "2020.11.20"]
[EventType "k.o."]
[EventCountry "NET"]
[SourceTitle "playchess.com"]
[Source "ChessBase"]
[SourceQuality "1"]

{[%evp 14,190,21,25,27,27,19,6,12,11,12,5,14,16,26,3,3,1,1,1,4,0,0,0,6,8,6,7,7,0,0,0,0,0,0,0,6,0,0,0,0,0,0,0,0,0,0,0,0,1,8,8,8,5,8,10,8,0,8,11,10,8,19,0,0,0,0,0,0,0,0,0,-4,-4,0,0,0,0,0,0,0,0,0,-8,-4,-4,-4,-4,-4,-4,0,0,0,0,0,0,0,0,0,0,0,0,0,0,0,0,0,0,0,0,0,0,0,0,0,0,0,0,0,-29,-29,-29,0,0,0,0,0,0,0,-8,-8,-8,-8,-8,0,-8,0,0,0,0,0,-29,-29,-29,-29,-29,-29,-29,-29,-29,-29,-29,-29,-29,-29,-29,-29,-29,-29,-29,-29,-29,-29,-29,-29,-29,-29,-29,0,0,0,-29,0,0,0,0,0,0,0]} 1. Nf3 d5 2. d4 Nf6 3. c4 e6 4. Nc3 c5 5. cxd5 cxd4 6. Qxd4 exd5 7. Bg5 Be7 8. e3 O-O {D50: Queen's Gambit Declined: Dutch-Peruvian Gambit.} 9. Be2 h6 10. Bh4 Nc6 11. Qd3 Qb6 12. O-O Rd8 ({Much worse is} 12... Qxb2 13. Rab1 $16) 13. Rfd1 Be6 14. Qb5 {[#]} Qxb5 $146 ({Predecessor:} 14... Rd7 15. Qxb6 axb6 16. Bb5 Ne4 17. Bxe7 Nxc3 18. bxc3 Rxe7 19. Rdb1 Rc7 20. Bf1 Nd8 21. Rxb6 Rxc3 {½-½ (38) Erdos,V (2585)-Stocek,J (2556) Slovakia 2017}) 15. Nxb5 g5 16. Bg3 Ne4 17. Rac1 Bf6 18. Nfd4 Nxd4 19. Nxd4 Nxg3 20. hxg3 Rac8 21. Bd3 Rxc1 22. Rxc1 Rc8 23. Rd1 Bxd4 24. exd4 $11 {[%mdl 4096] Endgame KRB-KRB} Kf8 25. f3 Ke7 26. Kf2 h5 27. Rh1 Rh8 28. Ke3 Kf6 29. g4 h4 30. g3 Re8 31. Kf2 hxg3+ 32. Kxg3 Rg8 33. Rh2 Ke7 34. Rh5 Kf6 35. Rh6+ Kg7 36. Rh7+ Kf6 37. Rh1 Ke7 (37... Rc8 {is interesting.} 38. Kf2 Re8 39. Rh6+ Kg7 40. Rh7+ Kf6) 38. Bf5 Bxf5 39. gxf5 {KR-KR} Rc8 40. Re1+ Kf6 41. Re5 Rc2 42. Rxd5 Rxb2 43. a4 a6 44. Kg4 Rg2+ 45. Kh3 $1 {[%cal Rh3g2]} Rb2 46. Kg4 Rg2+ 47. Kh3 $1 {[%cal Rh3g2]} Rg1 48. Kh2 Ra1 49. a5 Rb1 50. Kg3 Rb5 51. Rd7 $1 Rxf5 52. d5 Kg6 53. Rxb7 Rxd5 54. Rb6+ {[%mdl 64] [#] Double Attack} Kh5 55. Rxa6 f5 56. Ra8 {aiming for a6.} f4+ 57. Kf2 Rd2+ 58. Ke1 Ra2 59. Rh8+ Kg6 60. Rg8+ Kf5 61. Rf8+ {Cut Off at move 61} Ke5 62. Re8+ Kd4 63. Re4+ Kd5 64. Re2 Rxa5 65. Kf2 Ra3 66. Rd2+ Ke5 67. Re2+ Kd4 68. Re4+ Kd3 69. Re5 $1 Ra2+ 70. Kf1 Rb2 71. Re6 Kd4 72. Re4+ Kd5 73. Re8 Kd6 74. Re4 Rb5 75. Kg2 Re5 {[#] ( -> ...Rxe4)} 76. Rd4+ Ke6 (76... Rd5 {is more complex.} 77. Ra4 Ke5 78. Kh3 Kf5 79. Ra1 Rb5) 77. Kf2 Kf5 78. Rd8 Ra5 79. Rf8+ Kg6 80. Rg8+ Kh7 81. Rd8 Ra2+ 82. Kf1 Kg6 83. Rg8+ Kh6 84. Rh8+ Kg7 85. Rd8 Ra7 86. Kg2 Kg6 87. Rg8+ Rg7 88. Rd8 Rh7 89. Rd6+ Kh5 90. Rd8 Kh4 91. Rd1 {[%cal Rd1h1]} Kh5 92. Rd8 g4 93. fxg4+ {The position is equal.} Kxg4 94. Rg8+ Kf5 95. Rf8+ Kg5 {Not much happened in this game.  Weighted Error Value: White=0.02/Black=0.01} 1/2-1/2

[Event "Skilling Open CCT KO 2021"]
[Site "Online"]
[Date "2020.11.25"]
[Round "1.10"]
[White "Nakamura, Hikaru"]
[Black "Vachier-Lagrave, Maxime"]
[Result "1-0"]
[WhiteElo "2829"]
[BlackElo "2860"]
[Annotator "TA"]
[PlyCount "107"]
[EventDate "2020.11.20"]
[EventType "k.o."]
[EventCountry "NET"]
[SourceTitle "playchess.com"]
[Source "ChessBase"]
[SourceQuality "1"]

{[%evp 9,107,-42,-8,-30,-17,-11,-17,-21,-21,-33,-25,-17,-20,-16,-16,-19,-18,-21,-17,-19,-10,-10,-18,-22,-21,-22,0,0,9,8,6,-64,-56,-60,-44,-175,-170,-178,-179,-218,-222,-207,-200,-198,-112,-105,-47,-68,0,0,30,27,87,0,75,-43,-39,-62,77,53,62,70,163,166,162,151,235,155,160,152,188,190,161,0,145,151,146,144,146,139,135,145,200,187,188,193,215,180,367,312,353,337,365,375,345,267,269,275,1154,1099]} 1. d4 Nf6 2. Bg5 d5 3. e3 c5 4. c3 Qb6 5. Qc1 Bf5 6. Nd2 {D00: 1 d4 d5: Unusual lines.} Nbd7 7. Ngf3 e6 8. Nh4 {[#] The position is equal.} Be4 $146 ({Predecessor:} 8... Bg6 9. Bxf6 Nxf6 10. Nxg6 hxg6 11. Nf3 Bd6 12. g3 Rc8 13. Bd3 a6 14. O-O Rh6 {0-1 (56) Injac,P (2025)-Namyslo,H (2240) Schwaebisch Gmuend 2000}) 9. a4 a6 10. Be2 h6 11. Bxf6 Nxf6 12. Nxe4 dxe4 13. g3 Be7 14. O-O O-O 15. Qc2 Rac8 16. Rfd1 Rfd8 17. Rac1 cxd4 18. exd4 Nd5 19. Ng2 f5 20. Qb1 (20. Ra1 $11) 20... Bg5 $15 21. Rc2 Qb3 $36 {[%mdl 2048] Black has the initiative.} 22. a5 {[#]} (22. h4 $1 $15 Nb4 23. hxg5 Qxc2 24. Qxc2 Nxc2 25. gxh6) 22... Nb4 $1 $19 {[%cal Rb4c2][%mdl 576] Pin} 23. Rcc1 (23. cxb4 Rxc2) 23... Bxc1 24. Rxc1 Nd5 25. f3 exf3 26. Bxf3 Qb5 ({Black should play} 26... b5 $19 27. axb6 Qxb6) 27. Re1 $17 Re8 (27... Rd6 $17 28. Qa2 Qd7) 28. Qa2 {And now Rxe6! would win.} Kh8 (28... Qd3 $15 29. Bh5 (29. Bxd5 exd5 30. Qxd5+ Kh8 $17) 29... Re7) 29. Bh5 Re7 30. Nh4 $1 {[%cal Rh4g6] [#]} Kh7 (30... Ree8 $1 $11 {[%mdl 512]}) 31. Ng6 (31. Bg6+ $1 $16 Kh8 32. Bxf5 $1 {[%mdl 512]} exf5 33. Ng6+ {[%mdl 64] Double Attack} Kh7 34. Nxe7 Nxe7 35. Rxe7) 31... Rec7 (31... Ree8 $11 {remains equal.}) 32. Ne5 (32. Rxe6 $16 {Strongly threatening Re5.} Nb4 33. Qb3) 32... Kg8 $15 33. Ng6 Kh7 (33... Qc6 $15) 34. Rxe6 $16 {Re5 is the strong threat.} Nf6 35. Be2 $1 {[%cal Re2b5]} Qd5 ({Better is} 35... Qd7 $1 $14 36. Ne5 Qd8) 36. Qxd5 $18 Nxd5 {[#]} 37. Bd3 $1 Rf7 (37... Kg8 $16 38. Bxf5 Rd8) 38. Ne5 {[%mdl 1024] White has strong compensation.} Rff8 39. Rd6 Ne3 40. Rd7 Rb8 41. Rd6 Rbc8 $1 42. Rb6 Rc7 43. Kf2 Nd5 44. Rd6 Ne7 45. Nd7 Rf7 {[#]} (45... Re8 $16) 46. Nc5 $1 Nc6 47. b4 g6 48. h4 Ne7 $2 (48... Rf8 {was necessary.} 49. Be2 Re7) 49. Bc4 Rg7 50. Bb3 Rc6 51. Rd7 Nc8 {Threatens to win with ...Rxd7.} 52. Rxg7+ Kxg7 53. Bd5 Rc7 $2 (53... Rf6 54. Bxb7 Nd6) 54. Ne6+ {[%mdl 64] Double Attack. Quite a comeback for White.  Weighted Error Value: White=0.24/Black=0.29} 1-0

[Event "Skilling Open CCT KO 2021"]
[Site "Online"]
[Date "2020.11.25"]
[Round "1.10"]
[White "Nepomniachtchi, Ian"]
[Black "Aronian, Levon"]
[Result "1-0"]
[WhiteElo "2778"]
[BlackElo "2778"]
[Annotator "TA"]
[PlyCount "63"]
[EventDate "2020.11.20"]
[EventType "k.o."]
[EventCountry "NET"]
[SourceTitle "playchess.com"]
[Source "ChessBase"]
[SourceQuality "1"]

{[%evp 9,63,45,49,32,60,45,55,54,66,59,60,60,60,62,66,66,67,31,54,27,37,31,60,22,124,122,128,122,155,123,110,0,312,297,295,283,389,356,711,718,687,657,781,749,1172,719,1614,1623,1622,1578,29988,29988,29993,29994,29998,29999]} 1. e4 g6 2. d4 Bg7 3. Nc3 a6 4. Nf3 d6 5. Be2 Nd7 6. O-O {B06: Modern Defence.} e6 7. Be3 Ne7 8. Qd2 {White is slightly better.} h6 9. a4 b6 10. Rfe1 $5 {[%mdl 4] An interesting side line.} Bb7 11. h3 Nf6 12. Bd3 g5 {[#]} 13. e5 $146 ({Predecessor:} 13. Qe2 g4 14. hxg4 Nxg4 15. Bd2 Ng6 16. d5 Qf6 17. a5 Nf4 18. Bxf4 Qxf4 19. g3 {1-0 (41) Drnovsek,G (2423)-Tomazini,Z (2436) Slovenia 2018}) 13... Nd7 {[%cal Rd6e5]} 14. exd6 cxd6 15. Ne4 Qc7 16. Qc3 Kd8 (16... Nc5 $11) 17. Qa3 $16 Nf5 18. c4 Rg8 19. Rac1 Bf8 20. c5 (20. b4 $16) 20... d5 $2 {[%mdl 8192] [#]} (20... dxc5 $11 21. dxc5 Nxe3 22. Rxe3 bxc5) 21. Nexg5 $1 $18 {[%mdl 512]} hxg5 (21... Rxg5 22. Nxg5) 22. Bxf5 bxc5 23. dxc5 a5 $2 (23... Be7 24. Bd4 Bc6) 24. Bxg5+ Kc8 25. Qe3 Ra6 26. Bf4 d4 27. Qxd4 ({Inferior is} 27. Bxc7 dxe3 28. Bh7 Rg7 $17) 27... Bxf3 28. Bxc7 Rxg2+ 29. Kf1 exf5 30. Re8+ {White mates.} Kb7 31. Qxd7 {[%cal Rc7a5][%mdl 64] Double Attack} Rag6 32. Bb6+ {Weighted Error Value: White=0.15/Black=0.76} 1-0